| 000 | 00373pam a2200157a 44500 | ||
|---|---|---|---|
| 008 | 230515b1999 xxu||||| |||| 00| 0 eng d | ||
| 020 | _aNULL | ||
| 041 | _aENGL | ||
| 082 | _a330 DES | ||
| 100 | _a"DESAI S.M.," | ||
| 245 | _aBHARATIY ARTHAVAYASTHA BHAG-II (MARATHI) | ||
| 250 | _a0 | ||
| 260 |
_aPUNE _bNIRALI PRAKASHAN _c1999 |
||
| 300 | _aNULL | ||
| 650 | _aECONOMICS | ||
| 999 |
_c537007 _d537007 |
||